Kroniky Narnie Lev, šatník a čarodejnica

Bibliographic Details
Main Author: Lewis, C. S. (Clive Staples), 1898-1963 (Author)
Other Authors: Landl, Matej, 1963- (Narrator)
Format: Audio
Language:Slovak
PhysicalDescription:1 audiodisk digitálny, mono, MP3 12 cm
Published: Bratislava Vydavateľstvo SLOVART, spol. s r.o. WISTERIA BOOKS, s.r.o. 2023
ISBN:9788055652877
Subjects:

MARC

LEADER 00000nim a2200000 4500
001 vtls012236242
003 SK-MaSNL
005 20260301151914.0
007 su uuuuuuuuuuu
008 230803s2023 xo nnnnc n slo
020 |a 9788055652877  |q (audiokniha) 
040 |a SNK  |b slo  |c SNK  |e rda 
041 1 |a slo 
044 |a xo  |c SK 
100 1 |a Lewis, C. S.  |q (Clive Staples),  |d 1898-1963  |4 aut  |9 86658 
245 1 0 |a Kroniky Narnie  |p Lev, šatník a čarodejnica  |h zvukový záznam  |c C.S. Lewis ; číta Matej Landl 
246 3 0 |a Lev, šatník a čarodejnica 
264 1 |a Bratislava  |b Vydavateľstvo SLOVART, spol. s r.o.  |b WISTERIA BOOKS, s.r.o.  |c 2023 
300 |a 1 audiodisk  |b digitálny, mono, MP3  |c 12 cm 
336 |a hovorené slovo  |b spw  |2 rdacontent 
337 |a audio  |b s  |2 rdamedia 
338 |a audiodisk  |b sd  |2 rdacarrier 
521 8 |a Pre deti od 9 rokov 
655 7 |a zvukové záznamy  |2 SNKPH  |9 70720 
700 1 |a Landl, Matej,  |d 1963-  |4 nrt  |9 101995 
852 |a Slovenská národná knižnica 
919 |a 978-80-556-5827-7 
999 |c 787913  |d 789843 
952 |a SNK  |b SNK  |y NEVYP  |7 1  |p 17A1533479  |o snkSCD 6337  |i snk2023/11611  |8 0  |0 0  |1 0  |4 0  |d 2023-08-03  |l 0  |r 2026-02-24 01:26:12  |w 2026-02-24